| 000 | 01053nam a22003017a 4500 | ||
|---|---|---|---|
| 003 | CHAP | ||
| 005 | 20220329143633.0 | ||
| 008 | 101105s1889 mx r 00010 spa d | ||
| 010 | _a99673 | ||
| 011 | _a100645 | ||
| 035 | _a111331 | ||
| 040 | _cCHAP | ||
| 090 | _aFolleto 17826 | ||
| 100 | 1 |
_aDíaz, Adolfo. _933679 |
|
| 245 | 1 | 0 |
_aConsideraciones sobre la importancia de la configuración : _bel aneroide y el hipsómetro, tablas barométricas é hipsométricas _c/por Adolfo Díaz |
| 260 |
_aMéxico, D. F. : _bSecretaría de Fomento, _c1889 |
||
| 300 | _a49 p. | ||
| 590 |
_aBATCH-UPD _b10 _c20130110 _lUCH01 _h0919 |
||
| 590 |
_aBATCH-UPD _b10 _c20130410 _lUCH01 _h0541 |
||
| 590 |
_aBATCH-UPD _b10 _c20130914 _lUCH01 _h1218 |
||
| 590 |
_aCONVERSION _b10 _c20130109 _lUCH01 _h1355 |
||
| 650 | 1 | 4 |
_aIngeniería _xInstrumentos de medida. _958185 |
| 650 | 1 | 4 |
_aTopografía _xAparatos e instrumentos. _9113908 |
| 650 | 1 | 4 |
_aTopografía _xTablas. _9113911 |
| 901 | _aBK | ||
| 942 | _cFOLL | ||
| 949 |
_aFolleto 17826 _bBC _cBPP _d33724002119298 _eBPP _i111331 _sb |
||
| 999 |
_c99673 _d99673 |
||